[Event "2. Bundesliga Ost 2019/2020"]
[Site "alle Wien"]
[Date "2019.10.20"]
[Round "2"]
[Board "6"]
[White "Teuber, Andreas"]
[Black "Jirovec, Alfred"]
[Result "0-1"]
[WhiteElo "2117"]
[BlackElo "2006"]
[PlyCount "144"]
[EventDate "2019.10.19"]
[EventType "team"]
[EventRounds "11"]
[EventCountry "AUT"]
[WhiteTeam "SG Mistelbach/Altlichtenwarth"]
[BlackTeam "Amateure"]

1. d4 Nf6 2. c4 g6 3. g3 Bg7 4. Bg2 d6 5. Nf3 O-O 6. O-O c5 7. d5 Bg4 8. h3
Bxf3 9. Bxf3 Nbd7 10. Bg2 Rb8 11. Nc3 a6 12. a4 b6 13. e4 Qc7 14. Be3 Rfc8 15.
Re1 Qd8 16. f4 Ne8 17. Bf1 Nc7 18. Rb1 Qf8 19. Bf2 e6 20. dxe6 Nxe6 21. Nd5 Nd4
22. g4 Qd8 23. Kg2 Nf8 24. Qd2 Nfe6 25. b3 Nc6 26. g5 Ned4 27. Bh4 Na5 28. Re3
b5 29. axb5 axb5 30. cxb5 c4 31. bxc4 Nxc4 32. Bxc4 Rxc4 33. Kh1 Rxb5 34. Rxb5
Nxb5 35. Bf2 Rd4 36. Qc2 Qa8 37. Qb3 Qa4 38. Qxa4 Rxa4 39. Rb3 Nd4 40. Rb8+ Bf8
41. Nf6+ Kg7 42. Ne8+ Kg8 43. Nxd6 Ne6 44. Bg3 Ra3 45. Kg2 Rd3 46. Ne8 Nc5 47.
Nf6+ Kg7 48. h4 Rd2+ 49. Kh3 h5 50. f5 Rd3 51. Kg2 Rxg3+ 52. Kxg3 Bd6+ 53. Kf3
Bxb8 54. Nd5 Bd6 55. Nf6 Kf8 56. Nd5 Nd7 57. Kf2 Ne5 58. Kg2 Ng4 59. Kf3 Bc5
60. Nf4 Bd6 61. Nd5 Ne5+ 62. Kg2 Ke8 63. Nf4 Kd7 64. Kf1 Kc6 65. Ke2 Kb5 66.
Ng2 Ng4 67. Kd3 Be5 68. Ke2 Kc4 69. Kf3 Kd4 70. Ne1 Nh2+ 71. Kg2 Kxe4 72. fxg6
fxg6  0-1

[Event "2. Bundesliga Ost 2019/2020"]
[Site "alle Wien"]
[Date "2019.10.20"]
[Round "2"]
[Board "1"]
[White "Lizak, Peter"]
[Black "Horvath, Dominik"]
[Result "1/2-1/2"]
[WhiteElo "2460"]
[BlackElo "2433"]
[PlyCount "153"]
[EventDate "2019.10.19"]
[EventType "team"]
[EventRounds "11"]
[EventCountry "AUT"]
[WhiteTeam "Data Technology Pressbaum/E."]
[BlackTeam "ASVOE Pamhagen"]

1. d4 d5 2. Bf4 c5 3. e3 Nc6 4. Nf3 Nf6 5. Nbd2 e6 6. c3 cxd4 7. exd4 Nh5 8.
Be3 Bd6 9. Ne5 g6 10. Nd3 O-O 11. g3 b6 12. Bg2 Ba6 13. Nf3 f6 14. O-O Qc7 15.
Re1 Rfe8 16. Bh6 Nd8 17. Qa4 Nf7 18. Qxa6 Nxh6 19. Nd2 Rad8 20. Re2 Qd7 21.
Rae1 Ng7 22. a4 Nf7 23. Nf1 Nf5 24. Ne3 Nxe3 25. Rxe3 Bb8 26. Nb4 Kg7 27. Qb5
Qc8 28. Qc6 Bd6 29. Qxc8 Rxc8 30. Nxd5 e5 31. dxe5 Rxe5 32. Rxe5 Nxe5 33. Rd1
Bc5 34. b4 Bf8 35. Bf1 Rd8 36. Be2 Nc6 37. Kg2 f5 38. Nc7 Rxd1 39. Bxd1 Be7 40.
f4 a5 41. Bf3 Nb8 42. Nd5 Bd8 43. Kf2 Kf7 44. Ke3 Ke6 45. Kd4 Kd6 46. Kc4 Nc6
47. Ne3 Na7 48. Bd5 b5+ 49. axb5 Bb6 50. Nc2 axb4 51. Nxb4 Bg1 52. Bg8 Nc8 53.
Bxh7 Ne7 54. h4 Bf2 55. Nd3 Bxg3 56. Kd4 Bxh4 57. c4 Bf6+ 58. Ke3 g5 59. fxg5
Bxg5+ 60. Kf3 Bh6 61. Ke2 Bg5 62. Kd1 Be3 63. Kc2 Ke6 64. Kc3 Kf6 65. c5 Kg7
66. Bxf5 Nxf5 67. b6 Bg1 68. Nf4 Bh2 69. Nd5 Kf7 70. c6 Ne7 71. Nxe7 Kxe7 72.
Kc4 Kd6 73. Kb5 Bg1 74. c7 Kd7 75. Ka6 Bxb6 76. Kxb6 Kc8 77. Kc6  1/2-1/2

[Event "2. Bundesliga Ost 2019/2020"]
[Site "alle Wien"]
[Date "2019.10.20"]
[Round "2"]
[Board "2"]
[White "Lipka, Juraj"]
[Black "Videki, Sandor"]
[Result "0-1"]
[WhiteElo "2405"]
[BlackElo "2405"]
[PlyCount "158"]
[EventDate "2019.10.19"]
[EventType "team"]
[EventRounds "11"]
[EventCountry "AUT"]
[WhiteTeam "ASVOE Pamhagen"]
[BlackTeam "Data Technology Pressbaum/E."]

1. Nf3 Nf6 2. g3 d5 3. Bg2 c6 4. O-O Bg4 5. d4 Nbd7 6. Nbd2 e6 7. Re1 Be7 8. e4
O-O 9. c3 Rc8 10. a4 Bh5 11. a5 Bg6 12. exd5 cxd5 13. Qb3 Qc7 14. a6 b6 15. Nh4
Bh5 16. Nf5 Bd8 17. Ne3 Ng4 18. Nb1 Nb8 19. Nxg4 Bxg4 20. Bf4 Qd7 21. Bf1 Nc6
22. Na3 g5 23. Bd2 f5 24. f4 gxf4 25. Bxf4 Bc7 26. Bxc7 Rxc7 27. Nb5 Rcc8 28.
c4 Na5 29. Qe3 f4 30. gxf4 dxc4 31. h3 Bf5 32. Nc3 Nb3 33. Rad1 Bc2 34. d5 Bxd1
35. dxe6 Qg7+ 36. Kh2 Bh5 37. Nd5 Kh8 38. e7 Rg8 39. f5 Qxb2+ 40. Be2 Qg7 41.
Rg1 Qxg1+ 42. Qxg1 Rxg1 43. Bxh5 Re1 44. f6 Nc5 45. Bg4 Rb8 46. Nxb6 Re8 47.
Nd5 c3 48. Nxc3 R8xe7 49. fxe7 Rxe7 50. Nd5 Re1 51. Nb4 Rc1 52. Nc6 Nxa6 53.
Nxa7 Kg7 54. Nb5 Kf6 55. Nd4 Nc5 56. Kg3 Rc4 57. Nf3 Nd3 58. Nd2 Rb4 59. Nf3
Nf4 60. Bc8 Ne2+ 61. Kf2 Nc3 62. Bg4 Ne4+ 63. Ke3 Ng3 64. Kf2 Nf5 65. Ke2 h5
66. Bxf5 Kxf5 67. Ke3 Rb3+ 68. Kf2 Kf4 69. Ng1 Rb2+ 70. Ne2+ Ke4 71. Kf1 Ke3
72. Nc3 Rc2 73. Nd1+ Kf3 74. h4 Rh2 75. Kg1 Rxh4 76. Nf2 Rd4 77. Nh3 h4 78. Kh1
Kg3 79. Ng1 Rd2  0-1

[Event "2. Bundesliga Ost 2019/2020"]
[Site "alle Wien"]
[Date "2019.10.20"]
[Round "2"]
[Board "3"]
[White "Hechl, Gerald"]
[Black "Volkmann, Friedrich Karl"]
[Result "1/2-1/2"]
[WhiteElo "2359"]
[BlackElo "2403"]
[PlyCount "61"]
[EventDate "2019.10.19"]
[EventType "team"]
[EventRounds "11"]
[EventCountry "AUT"]
[WhiteTeam "Data Technology Pressbaum/E."]
[BlackTeam "ASVOE Pamhagen"]

1. c4 Nf6 2. Nc3 e5 3. e3 d6 4. d4 Nbd7 5. g4 h6 6. Bg2 g6 7. h3 Bg7 8. Nge2
O-O 9. O-O Re8 10. b3 a6 11. Ng3 Rb8 12. a4 Nh7 13. d5 Qh4 14. e4 Bf6 15. Nge2
Bg5 16. Rb1 h5 17. f3 Bxc1 18. Qxc1 Kg7 19. Qe1 Qxe1 20. Rbxe1 Nc5 21. Nc1 Bd7
22. Kf2 f5 23. gxf5 gxf5 24. h4 Rf8 25. Ke2 Nf6 26. Kd2 f4 27. a5 Kf7 28. b4
Na4 29. Nxa4 Bxa4 30. Bh3 Bd7 31. Bxd7  1/2-1/2

[Event "2. Bundesliga Ost 2019/2020"]
[Site "alle Wien"]
[Date "2019.10.20"]
[Round "2"]
[Board "4"]
[White "Vitouch, Anatol"]
[Black "Neumeier, Klaus"]
[Result "1-0"]
[WhiteElo "2286"]
[BlackElo "2273"]
[PlyCount "49"]
[EventDate "2019.10.19"]
[EventType "team"]
[EventRounds "11"]
[EventCountry "AUT"]
[WhiteTeam "ASVOE Pamhagen"]
[BlackTeam "Data Technology Pressbaum/E."]

1. d4 d5 2. c4 e6 3. Nc3 Bb4 4. a3 Bxc3+ 5. bxc3 Nf6 6. e3 O-O 7. cxd5 exd5 8.
Bd3 b6 9. Ne2 Ba6 10. Bc2 Ne4 11. f3 Nd6 12. O-O Re8 13. Re1 Nd7 14. Ng3 Qh4
15. a4 g6 16. a5 Bc4 17. Ba4 b5 18. Bc2 a6 19. Bd2 Nf6 20. Qc1 Nh5 21. e4 Nxg3
22. Bg5 Ne2+ 23. Rxe2 Qh5 24. Re1 Re6 25. Bd1  1-0

[Event "2. Bundesliga Ost 2019/2020"]
[Site "alle Wien"]
[Date "2019.10.20"]
[Round "2"]
[Board "5"]
[White "Lucaci, Marius"]
[Black "Alvir, Aco"]
[Result "1/2-1/2"]
[WhiteElo "2149"]
[BlackElo "2338"]
[PlyCount "108"]
[EventDate "2019.10.19"]
[EventType "team"]
[EventRounds "11"]
[EventCountry "AUT"]
[WhiteTeam "Data Technology Pressbaum/E."]
[BlackTeam "ASVOE Pamhagen"]

1. e4 d6 2. d4 Nf6 3. Nc3 g6 4. f4 Bg7 5. Nf3 O-O 6. Be2 c5 7. dxc5 Qa5 8. Nd2
Qxc5 9. Nb3 Qc7 10. Be3 Nbd7 11. O-O b6 12. Bf3 Bb7 13. Qe2 Rac8 14. Rad1 Qb8
15. Bd4 e5 16. fxe5 Nxe5 17. Nd5 Nxd5 18. exd5 Rfe8 19. Qf2 Qc7 20. c3 Re7 21.
Bxe5 Bxe5 22. Nd4 Bxd4 23. Rxd4 Rce8 24. a4 a5 25. Rfd1 Bc8 26. Qh4 Re5 27. Rc4
Qa7 28. Rc6 g5 29. Qd4 g4 30. Rxc8 gxf3 31. Rxe8+ Rxe8 32. Qg4+ Kf8 33. Qxf3
Re5 34. Qf6 Qc7 35. Qh8+ Ke7 36. Qxh7 Qc4 37. h3 Rxd5 38. Rxd5 Qxd5 39. Qh4+ f6
40. Qh7+ Kf8 41. Qc7 Qd1+ 42. Kh2 Qxa4 43. Qxd6+ Kf7 44. Qxb6 Qf4+ 45. Kh1 Qc1+
46. Kh2 Qf4+ 47. Kg1 Qc1+ 48. Kf2 Qf4+ 49. Ke2 Qe4+ 50. Kf1 Qf4+ 51. Ke1 Qe4+
52. Kf2 Qf4+ 53. Kg1 Qc1+ 54. Kh2 Qf4+  1/2-1/2

[Event "2. Bundesliga Ost 2019/2020"]
[Site "alle Wien"]
[Date "2019.10.20"]
[Round "2"]
[Board "6"]
[White "Franzen, Jozef"]
[Black "Schmidrathner, Christian"]
[Result "1-0"]
[WhiteElo "2238"]
[BlackElo "2092"]
[PlyCount "39"]
[EventDate "2019.10.19"]
[EventType "team"]
[EventRounds "11"]
[EventCountry "AUT"]
[WhiteTeam "ASVOE Pamhagen"]
[BlackTeam "Data Technology Pressbaum/E."]

1. e4 c5 2. Nf3 d6 3. c3 Nf6 4. Bd3 Nc6 5. Bc2 Qa5 6. h3 e5 7. O-O Be7 8. d4
cxd4 9. cxd4 Bd7 10. Nc3 O-O 11. Be3 Nb4 12. Bb3 Bc6 13. a3 Na6 14. Bc2 Qc7 15.
Rc1 exd4 16. Nxd4 Qd7 17. b4 Nc7 18. Qe2 b6 19. Nxc6 Qxc6 20. Ba4  1-0

[Event "2. Bundesliga Ost 2019/2020"]
[Site "alle Wien"]
[Date "2019.10.20"]
[Round "2"]
[Board "1"]
[White "Baumegger, Siegfried"]
[Black "Sharashenidze, Akaki"]
[Result "1-0"]
[WhiteElo "2432"]
[BlackElo "2373"]
[PlyCount "115"]
[EventDate "2019.10.19"]
[EventType "team"]
[EventRounds "11"]
[EventCountry "AUT"]
[WhiteTeam "tschaturanga"]
[BlackTeam "SK Advisory Invest Baden"]

1. e4 e5 2. Nf3 Nf6 3. Nxe5 d6 4. Nf3 Nxe4 5. c4 Be7 6. d3 Nf6 7. d4 O-O 8. Nc3
d5 9. Bd3 dxc4 10. Bxc4 Nbd7 11. O-O Nb6 12. Bb3 Bg4 13. h3 Bh5 14. g4 Bg6 15.
Ne5 c5 16. dxc5 Bxc5 17. Qf3 Qe7 18. Bf4 Bd4 19. Rfe1 Bxe5 20. Rxe5 Qb4 21.
Rae1 Rfe8 22. Bg3 Rxe5 23. Rxe5 Nfd7 24. Rb5 Qd4 25. Qxb7 Re8 26. Kh2 Re1 27.
Qc6 Qd3 28. Re5 Rxe5 29. Bxe5 h5 30. gxh5 Bxh5 31. Bg3 Qd2 32. Nd5 Qxb2 33.
Ne7+ Kh8 34. Qc7 Nf6 35. Qxa7 Nbd7 36. Nd5 Qa1 37. Nxf6 Nxf6 38. Qb8+ Kh7 39.
Qe5 Qf1 40. Bc2+ Bg6 41. Bxg6+ Kxg6 42. a4 Nh7 43. Qe4+ f5 44. Qg2 Qe2 45. Be5+
Kh5 46. Bxg7 Qd1 47. Qc6 Qd2 48. Qf3+ Kg6 49. Qg3+ Kh5 50. Be5 Qa2 51. Qf3+ Kg6
52. Qc6+ Kh5 53. Kg2 Qg8+ 54. Kf1 Ng5 55. Bf4 Nxh3 56. Qf3+ Kh4 57. Qg3+ Qxg3
58. fxg3+  1-0

[Event "2. Bundesliga Ost 2019/2020"]
[Site "alle Wien"]
[Date "2019.10.20"]
[Round "2"]
[Board "2"]
[White "Rubil, Marko"]
[Black "Morgunov, Marc"]
[Result "0-1"]
[WhiteElo "2290"]
[BlackElo "2280"]
[PlyCount "84"]
[EventDate "2019.10.19"]
[EventType "team"]
[EventRounds "11"]
[EventCountry "AUT"]
[WhiteTeam "SK Advisory Invest Baden"]
[BlackTeam "tschaturanga"]

1. e4 c5 2. Nf3 d6 3. d4 cxd4 4. Nxd4 Nf6 5. Nc3 a6 6. Bg5 e6 7. f4 h6 8. Bh4
Qb6 9. Qd2 Qxb2 10. Rb1 Qa3 11. f5 Be7 12. fxe6 fxe6 13. Bc4 Nxe4 14. Nxe4
Bxh4+ 15. g3 Bg5 16. Nxg5 hxg5 17. O-O Qc5 18. Qf2 Nc6 19. Nxe6 Qxf2+ 20. Rxf2
Bxe6 21. Bxe6 Rb8 22. Bd5 Ne5 23. Bxb7 Kd7 24. Rb3 a5 25. Bd5 a4 26. Rxb8 Rxb8
27. Kg2 Rb4 28. Rd2 g4 29. Kf2 a3 30. Bb3 Rb8 31. Rd4 Rh8 32. Ra4 Rxh2+ 33. Ke3
Rg2 34. Rxa3 Nc4+ 35. Bxc4 Rxg3+ 36. Kf4 Rxa3 37. Bb3 Ke7 38. Kxg4 Kf6 39. Kf4
g5+ 40. Ke4 Ra5 41. a4 Rf5 42. Bd5 Rf4+  0-1

[Event "2. Bundesliga Ost 2019/2020"]
[Site "alle Wien"]
[Date "2019.10.20"]
[Round "2"]
[Board "3"]
[White "Sadilek, Maximilian"]
[Black "Unuk, Laura"]
[Result "0-1"]
[WhiteElo "2313"]
[BlackElo "2278"]
[PlyCount "52"]
[EventDate "2019.10.19"]
[EventType "team"]
[EventRounds "11"]
[EventCountry "AUT"]
[WhiteTeam "tschaturanga"]
[BlackTeam "SK Advisory Invest Baden"]

1. e4 e5 2. Nc3 Nc6 3. f4 exf4 4. Nf3 Nf6 5. d4 d5 6. exd5 Nxd5 7. Nxd5 Qxd5 8.
Bxf4 Bd6 9. Bxd6 Qxd6 10. Qd2 Bg4 11. c3 O-O-O 12. Be2 Bxf3 13. Bxf3 Rhe8+ 14.
Kf2 Ne5 15. Rae1 c5 16. Qc2 Nxf3 17. Rxe8 Rxe8 18. Qf5+ Re6 19. gxf3 cxd4 20.
Qxf7 d3 21. Qg8+ Kc7 22. Qxg7+ Re7 23. Qg3 Re2+ 24. Kf1 Rxb2 25. Qg7+ Kb6 26.
Rg1 d2  0-1

[Event "2. Bundesliga Ost 2019/2020"]
[Site "alle Wien"]
[Date "2019.10.20"]
[Round "2"]
[Board "4"]
[White "Juenger, Heinz"]
[Black "Morgunov, Daniel"]
[Result "1/2-1/2"]
[WhiteElo "2175"]
[BlackElo "2337"]
[PlyCount "84"]
[EventDate "2019.10.19"]
[EventType "team"]
[EventRounds "11"]
[EventCountry "AUT"]
[WhiteTeam "SK Advisory Invest Baden"]
[BlackTeam "tschaturanga"]

1. e4 c5 2. Nf3 d6 3. Bb5+ Nd7 4. c3 Ngf6 5. Qe2 a6 6. Ba4 b5 7. Bc2 Bb7 8. d4
e5 9. O-O Be7 10. Rd1 Qc7 11. d5 O-O 12. Nbd2 Rfe8 13. Nf1 Bf8 14. Ng3 g6 15.
h3 c4 16. Nh2 Bc8 17. Ng4 Nxg4 18. hxg4 Bg7 19. Be3 a5 20. f3 Nc5 21. b3 Ba6
22. bxc4 bxc4 23. Rab1 Reb8 24. Qf1 Nd3 25. Rxb8+ Rxb8 26. Rb1 Bf6 27. Rxb8+
Qxb8 28. Qb1 Nb2 29. Kf1 Bh4 30. Ne2 Qb5 31. Bc1 Qc5 32. g3 Nd3 33. Qb8+ Bc8
34. Bxd3 cxd3 35. gxh4 dxe2+ 36. Kxe2 Kg7 37. Be3 Qc4+ 38. Kf2 Qxa2+ 39. Kg3
Qe2 40. Qxc8 Qxe3 41. Qd8 Qf4+ 42. Kg2 Qd2+  1/2-1/2

[Event "2. Bundesliga Ost 2019/2020"]
[Site "alle Wien"]
[Date "2019.10.20"]
[Round "2"]
[Board "5"]
[White "Sadilek, Peter"]
[Black "Rudolf, Herbert"]
[Result "1-0"]
[WhiteElo "2280"]
[BlackElo "2068"]
[PlyCount "49"]
[EventDate "2019.10.19"]
[EventType "team"]
[EventRounds "11"]
[EventCountry "AUT"]
[WhiteTeam "tschaturanga"]
[BlackTeam "SK Advisory Invest Baden"]

1. d4 Nf6 2. c4 e5 3. dxe5 Ng4 4. e3 Nxe5 5. Nh3 d6 6. Nf4 g6 7. Nc3 Bg7 8. Be2
O-O 9. O-O Nbd7 10. Bd2 a5 11. Qc2 Nc5 12. Rad1 c6 13. f3 Qe7 14. Be1 Nxc4 15.
Ncd5 cxd5 16. Nxd5 Qxe3+ 17. Nxe3 Nxe3 18. Qd2 Nxd1 19. Bxd1 Rd8 20. Bh4 f6 21.
Re1 Kf7 22. Qd5+ Be6 23. Rxe6 Nxe6 24. Bb3 Re8 25. Qxb7+  1-0

[Event "2. Bundesliga Ost 2019/2020"]
[Site "alle Wien"]
[Date "2019.10.20"]
[Round "2"]
[Board "6"]
[White "Herndlbauer, Martin"]
[Black "Matt, Fabian"]
[Result "0-1"]
[WhiteElo "2047"]
[BlackElo "2303"]
[PlyCount "72"]
[EventDate "2019.10.19"]
[EventType "team"]
[EventRounds "11"]
[EventCountry "AUT"]
[WhiteTeam "SK Advisory Invest Baden"]
[BlackTeam "tschaturanga"]

1. d4 Nf6 2. Nf3 g6 3. c4 Bg7 4. e3 O-O 5. Be2 c5 6. d5 d6 7. Nc3 e6 8. O-O
exd5 9. cxd5 Bg4 10. h3 Bxf3 11. Bxf3 Nbd7 12. Be2 Re8 13. a4 Ne4 14. Nxe4 Rxe4
15. Bd2 Bxb2 16. Rb1 Ba3 17. Rxb7 a5 18. Bb5 Re7 19. Bc3 Bb4 20. Ba1 Rc8 21.
Qg4 f5 22. Qg5 Rf7 23. Qh6 c4 24. h4 c3 25. h5 Nf8 26. Rxf7 Kxf7 27. hxg6+ hxg6
28. g4 Qf6 29. Qf4 Rc5 30. g5 Qe5 31. Qxe5 dxe5 32. Rc1 e4 33. f3 c2 34. fxe4
Ba3 35. Bd4 Bxc1 36. Bxc5 Bb2  0-1

[Event "2. Bundesliga Ost 2019/2020"]
[Site "alle Wien"]
[Date "2019.10.20"]
[Round "2"]
[Board "1"]
[White "Stanec, Nikolaus"]
[Black "Polak, Tomas"]
[Result "1/2-1/2"]
[WhiteElo "2511"]
[BlackElo "2527"]
[PlyCount "62"]
[EventDate "2019.10.19"]
[EventType "team"]
[EventRounds "11"]
[EventCountry "AUT"]
[WhiteTeam "SC Donaustadt"]
[BlackTeam "SK Hietzing"]

1. e4 c6 2. c4 d5 3. exd5 cxd5 4. cxd5 Nf6 5. Nc3 Nxd5 6. Nf3 Nc6 7. Bb5 e6 8.
O-O Be7 9. d4 O-O 10. Re1 Bd7 11. Bd3 Nf6 12. a3 Qc7 13. h3 Rfd8 14. Be3 Be8
15. Qc2 Rac8 16. Rac1 Qb8 17. Qe2 a6 18. Bb1 b5 19. Rcd1 b4 20. axb4 Qxb4 21.
Ba2 h6 22. d5 exd5 23. Bxd5 Bc5 24. Bxc5 Qxc5 25. Ba2 Rxd1 26. Rxd1 Rb8 27. Nd5
Nxd5 28. Bxd5 Nb4 29. Bb3 a5 30. Qe5 Qxe5 31. Nxe5 a4  1/2-1/2

[Event "2. Bundesliga Ost 2019/2020"]
[Site "alle Wien"]
[Date "2019.10.20"]
[Round "2"]
[Board "2"]
[White "Pisk, Petr"]
[Black "Pingitzer, Harald"]
[Result "1-0"]
[WhiteElo "2338"]
[BlackElo "2334"]
[PlyCount "111"]
[EventDate "2019.10.19"]
[EventType "team"]
[EventRounds "11"]
[EventCountry "AUT"]
[WhiteTeam "SK Hietzing"]
[BlackTeam "SC Donaustadt"]

1. d4 d5 2. Nf3 c5 3. g3 cxd4 4. Bg2 Nf6 5. O-O e6 6. Nxd4 Be7 7. c4 O-O 8.
cxd5 Nxd5 9. Qb3 Na6 10. Bxd5 Nc5 11. Qf3 Qxd5 12. Qxd5 exd5 13. Nc3 Rd8 14. f3
Ne6 15. Be3 Nxd4 16. Bxd4 b6 17. Rac1 Ba6 18. Rfd1 Bb4 19. Kf2 Rac8 20. e3 Bxc3
21. Rxc3 f6 22. g4 Rxc3 23. Bxc3 Kf7 24. h4 Bc8 25. Rd4 Be6 26. h5 Rc8 27. Ra4
a5 28. h6 g5 29. Kg3 Kg6 30. Bd4 Bd7 31. Ra3 a4 32. Bxb6 Kxh6 33. Bd4 Kg6 34.
b3 Ra8 35. bxa4 Rxa4 36. Rb3 Ra6 37. Rb7 Be8 38. f4 Bf7 39. f5+ Kg7 40. a4 Rxa4
41. Rb6 h5 42. Bxf6+ Kf8 43. Rb8+ Be8 44. gxh5 Rh4 45. Bd4 Rxh5 46. Kg4 Rh1 47.
Kxg5 Rh5+ 48. Kf6 Rh6+ 49. Ke5 Ke7 50. f6+ Kf7 51. Rb7+ Kf8 52. Bc5+ Kg8 53.
Rg7+ Kh8 54. f7 Rh5+ 55. Kf4 Rh4+ 56. Kg3  1-0

[Event "2. Bundesliga Ost 2019/2020"]
[Site "alle Wien"]
[Date "2019.10.20"]
[Round "2"]
[Board "3"]
[White "Kummer, Helmut"]
[Black "Penz, Harald"]
[Result "1-0"]
[WhiteElo "2286"]
[BlackElo "2278"]
[PlyCount "85"]
[EventDate "2019.10.19"]
[EventType "team"]
[EventRounds "11"]
[EventCountry "AUT"]
[WhiteTeam "SC Donaustadt"]
[BlackTeam "SK Hietzing"]

1. d4 d5 2. c4 e6 3. Nc3 Nf6 4. Bg5 Be7 5. e3 O-O 6. Nf3 b6 7. Bd3 Bb7 8. O-O
Nbd7 9. Qe2 h6 10. Bh4 Ne4 11. Bxe7 Nxc3 12. bxc3 Qxe7 13. cxd5 exd5 14. a4 a5
15. Rfc1 Qd6 16. Bb5 c6 17. Bd3 c5 18. Rcb1 Rab8 19. h3 Bc6 20. Bb5 Bxb5 21.
Rxb5 Rbc8 22. e4 dxe4 23. Qxe4 Rfe8 24. Qf5 g6 25. Qd3 Ne5 26. Nxe5 Rxe5 27.
Rxb6 Qxb6 28. dxe5 c4 29. Qd2 Kg7 30. Rd1 Re8 31. Qf4 Qc6 32. Qd4 Re6 33. f4
Qxa4 34. Rb1 Qc2 35. Ra1 Qd3 36. Rxa5 Rc6 37. Rd5 Qxd4+ 38. Rxd4 f6 39. Rd7+
Kf8 40. Rd6 Rc5 41. Rxf6+ Kg7 42. Rd6 g5 43. g3  1-0

[Event "2. Bundesliga Ost 2019/2020"]
[Site "alle Wien"]
[Date "2019.10.20"]
[Round "2"]
[Board "4"]
[White "Mozny, Milos"]
[Black "Froewis, Annika"]
[Result "1/2-1/2"]
[WhiteElo "2256"]
[BlackElo "2074"]
[PlyCount "81"]
[EventDate "2019.10.19"]
[EventType "team"]
[EventRounds "11"]
[EventCountry "AUT"]
[WhiteTeam "SK Hietzing"]
[BlackTeam "SC Donaustadt"]

1. d4 d5 2. Nf3 Nf6 3. c4 e6 4. g3 Be7 5. Bg2 O-O 6. O-O dxc4 7. Ne5 Nc6 8.
Nxc6 bxc6 9. e3 Ba6 10. Qc2 Nd5 11. Rd1 Rb8 12. a3 Qd7 13. Nd2 Nb6 14. b3 cxb3
15. Nxb3 Nd5 16. e4 Nf6 17. Bg5 c5 18. e5 Nd5 19. Bxe7 Qxe7 20. Nxc5 Rb6 21.
Rdc1 Bb5 22. a4 Be8 23. a5 Rb4 24. Qd2 Rb5 25. Rab1 Bc6 26. Na6 Qd7 27. Nc5 Qe7
28. Nd3 Rxb1 29. Rxb1 Qa3 30. Nf4 h6 31. Qc1 Qa4 32. Nxd5 Bxd5 33. Bxd5 exd5
34. Qc5 Qa2 35. Rc1 Qd2 36. Rb1 Qa2 37. Rb7 Qa1+ 38. Kg2 c6 39. Rxa7 Qb1 40. a6
Qe4+ 41. Kg1  1/2-1/2

[Event "2. Bundesliga Ost 2019/2020"]
[Site "alle Wien"]
[Date "2019.10.20"]
[Round "2"]
[Board "5"]
[White "Schwab, Rene"]
[Black "Wagner, Leopold Franziskus"]
[Result "0-1"]
[WhiteElo "2148"]
[BlackElo "2098"]
[PlyCount "190"]
[EventDate "2019.10.19"]
[EventType "team"]
[EventRounds "11"]
[EventCountry "AUT"]
[WhiteTeam "SC Donaustadt"]
[BlackTeam "SK Hietzing"]

1. e4 c5 2. Nf3 Nc6 3. Bb5 e6 4. O-O Nge7 5. Re1 Qc7 6. b3 a6 7. Bf1 d6 8. c3
g6 9. d4 e5 10. dxc5 dxc5 11. Be3 b6 12. Bc4 Bg7 13. Qc1 O-O 14. Bh6 Nd8 15.
Bg5 Be6 16. Bf1 f6 17. Be3 Nf7 18. Nbd2 g5 19. Bc4 Bxc4 20. Nxc4 b5 21. Ncd2
Ng6 22. Nf1 Nf4 23. Qa3 Nd3 24. Red1 c4 25. Ng3 Rfd8 26. bxc4 bxc4 27. Nd2 Bf8
28. Qa4 Nb2 29. Qc2 Nxd1 30. Rxd1 Rd3 31. Re1 Nd6 32. Nf3 Rb8 33. Bxg5 Rxf3 34.
gxf3 fxg5 35. Qd2 Nf7 36. Nf5 Rd8 37. Qc2 Bc5 38. Rb1 Nd6 39. Nh6+ Kg7 40. Ng4
Nb5 41. Qc1 Qe7 42. a4 Nd6 43. Ne3 Bxe3 44. Qxe3 Nf7 45. Rb6 Rd6 46. a5 h6 47.
Kg2 Qc7 48. Rxd6 Qxd6 49. Qa7 Kg6 50. Qa8 Nd8 51. Qc8 Ne6 52. Qxc4 Nf4+ 53. Kg3
Qe6 54. Qf1 h5 55. h3 h4+ 56. Kh2 Kf6 57. c4 Ke7 58. c5 Kd7 59. Qd1+ Kc7 60.
Kg1 Nxh3+ 61. Kg2 Nf4+ 62. Kg1 Qc6 63. Qc2 Ne6 64. Qc4 Nxc5 65. Qf7+ Nd7 66.
Qg8 Qf6 67. Qc4+ Kd8 68. Qb3 Ke7 69. Kg2 Kf8 70. Qb4+ Kg7 71. Qd2 Nf8 72. Qc3
Ne6 73. Kg1 Nd4 74. Kg2 Qxf3+ 75. Qxf3 Nxf3 76. Kxf3 Kg6 77. Kg4 Kh6 78. Kf3
Kh5 79. Kg2 g4 80. f3 Kg5 81. fxg4 Kxg4 82. Kh2 Kf4 83. Kh3 Kxe4 84. Kxh4 Kd3
85. Kg3 e4 86. Kf2 Kd2 87. Kf1 e3 88. Kg2 e2 89. Kf3 e1=Q 90. Kf4 Qe6 91. Kf3
Qf5+ 92. Kg3 Ke3 93. Kh4 Qg6 94. Kh3 Kf3 95. Kh4 Qg4#  0-1

[Event "2. Bundesliga Ost 2019/2020"]
[Site "alle Wien"]
[Date "2019.10.20"]
[Round "2"]
[Board "6"]
[White "Todor, Razvan"]
[Black "Hechl, Fabian"]
[Result "0-1"]
[WhiteElo "2171"]
[BlackElo "1978"]
[PlyCount "52"]
[EventDate "2019.10.19"]
[EventType "team"]
[EventRounds "11"]
[EventCountry "AUT"]
[WhiteTeam "SK Hietzing"]
[BlackTeam "SC Donaustadt"]

1. d4 Nf6 2. Nf3 g6 3. g3 Bg7 4. Bg2 O-O 5. O-O d6 6. Nc3 Nbd7 7. e4 e5 8. dxe5
dxe5 9. Qe2 c6 10. a4 a5 11. b3 Qc7 12. Rd1 Re8 13. Bb2 b6 14. Ne1 Ba6 15. Qf3
Nc5 16. Bf1 Bxf1 17. Kxf1 Ne6 18. Qe2 Nd4 19. Qc4 Qd7 20. Kg2 b5 21. axb5 cxb5
22. Nxb5 Rec8 23. Qa4 Qxb5 24. Rxd4 Qe2 25. Rd3 Nxe4 26. Rf3 Nd2  0-1

[Event "2. Bundesliga Ost 2019/2020"]
[Site "alle Wien"]
[Date "2019.10.20"]
[Round "2"]
[Board "1"]
[White "Hangweyrer, Manfred"]
[Black "Froewis, Georg"]
[Result "0-1"]
[WhiteElo "2347"]
[BlackElo "2432"]
[PlyCount "52"]
[EventDate "2019.10.19"]
[EventType "team"]
[EventRounds "11"]
[EventCountry "AUT"]
[WhiteTeam "SK Austria Wien"]
[BlackTeam "mpimmo Wien - SK Ottakring"]

1. e4 e6 2. d4 d5 3. exd5 exd5 4. Nf3 Bd6 5. Bd3 Ne7 6. c3 Nbc6 7. Nbd2 Bg4 8.
Nf1 Qd7 9. Ng3 Qe6+ 10. Be3 f5 11. Ne2 f4 12. Bd2 O-O-O 13. Qc2 Bxf3 14. gxf3
Qh3 15. O-O-O Qxf3 16. Rde1 g6 17. h4 Rhf8 18. h5 Qxf2 19. Ref1 Qg2 20. Rhg1
Qh3 21. hxg6 hxg6 22. Nxf4 Bxf4 23. Rxf4 Rxf4 24. Bxf4 Rf8 25. Bd2 Rf2 26. Bxg6
Rf1+  0-1

[Event "2. Bundesliga Ost 2019/2020"]
[Site "alle Wien"]
[Date "2019.10.20"]
[Round "2"]
[Board "2"]
[White "Peyrer, Konstantin"]
[Black "Sardy, Peter"]
[Result "1/2-1/2"]
[WhiteElo "2286"]
[BlackElo "2352"]
[PlyCount "60"]
[EventDate "2019.10.19"]
[EventType "team"]
[EventRounds "11"]
[EventCountry "AUT"]
[WhiteTeam "mpimmo Wien - SK Ottakring"]
[BlackTeam "SK Austria Wien"]

1. d4 d6 2. Nf3 Nf6 3. c4 g6 4. Nc3 Bg7 5. Bf4 O-O 6. e3 Nc6 7. Be2 Nd7 8. O-O
e5 9. Bg3 h6 10. dxe5 Ndxe5 11. Nxe5 Nxe5 12. Qd2 Be6 13. b3 Qd7 14. Rfd1 Rad8
15. Rac1 Rfe8 16. h3 Qc8 17. Qe1 Nd7 18. Na4 Nb6 19. Nc3 Nd7 20. b4 Nf6 21. Qf1
Bf5 22. Bf3 Ne4 23. Nxe4 Bxe4 24. Bxe4 Rxe4 25. Qd3 Ree8 26. Qa3 a6 27. b5 Be5
28. Bxe5 Rxe5 29. bxa6 bxa6 30. c5 dxc5  1/2-1/2